Political pressures, organizational identity, and attention to tasks: illustrations from pre-crisis financial regulation (Record no. 109644)

000 -LEADER
fixed length control field 00420pab a2200133 454500
008 - FIXED-LENGTH DATA ELEMENTS--GENERAL INFORMATION
fixed length control field 180718b2015 xxu||||| |||| 00| 0 eng d
100 ## - MAIN ENTRY--PERSONAL NAME
Personal name Gilad, Sharon
245 ## - TITLE STATEMENT
Title Political pressures, organizational identity, and attention to tasks: illustrations from pre-crisis financial regulation
260 ## - PUBLICATION, DISTRIBUTION, ETC.
Date of publication, distribution, etc. 2015
300 ## - PHYSICAL DESCRIPTION
Extent p.593-608.
650 ## - SUBJECT ADDED ENTRY--TOPICAL TERM
Topical term or geographic name entry element Economic recession
773 ## - HOST ITEM ENTRY
Main entry heading Public Administration
909 ## -
-- 109649
Holdings
Withdrawn status Lost status Damaged status Not for loan Permanent Location Current Location Date acquired Serial Enumeration / chronology Barcode Date last seen Price effective from Koha item type
        Indian Institute of Public Administration Indian Institute of Public Administration 2018-07-19 Volume no: 93, Issue no: 3 AR110109 2018-07-19 2018-07-19 Articles

Powered by Koha